Tinh hoa văn học dân gian người Việt

Gorde:
Xehetasun bibliografikoak
Egile nagusia: Kiều, Thu Hoạch
Formatua: Liburua
Hizkuntza:Undetermined
Argitaratua: Hà Nội Khoa học - Xã hội 2009
Gaiak:
Etiketak: Etiketa erantsi
Etiketarik gabe, Izan zaitez lehena erregistro honi etiketa jartzen!
Thư viện lưu trữ: Trung tâm Học liệu Trường Đại học Cần Thơ
LEADER 00653nam a2200193Ia 4500
001 CTU_147826
008 210402s9999 xx 000 0 und d
020 |c 36000 
082 |a 398.209597 
082 |b H403/Q4 
100 |a Kiều, Thu Hoạch 
245 0 |a Tinh hoa văn học dân gian người Việt 
245 0 |c Kiều Thu Hoạch ( chủ biên ), Trần Thị An, Mai Ngọc Hồng 
260 |a Hà Nội 
260 |b Khoa học - Xã hội 
260 |c 2009 
650 |a Folk literature, vietnamese,Văn học dân gian Việt Nam 
904 |i QHieu 
980 |a Trung tâm Học liệu Trường Đại học Cần Thơ